000 00732nam a22002417a 4500
001 25474
005 20260424165504.0
008 260417b |||||||| |||| 00| 0 spa d
020 _a9786125035653
082 _a791.43
_bC14
100 _aCáceres Cuadros, Tito
_eAUT
245 _aCinescopio :
_b(crónicas periodísticas de cine)
250 _aPrimera edición
260 _aArequipa :
_bEditorial UNSA,
_c2022
300 _a232 páginas :
_b
_c21 cm.
440 _a ;
650 _aABD
653 _aCine; Guiones cinematográficos - Historia y crítica
654 _aCTP
700 _a;
856 _uhttps://itmsp.museknowledge.com/UCSP?groupID=2
_zVéase además: Biblioteca Digital
942 _cLIB
_dJUS
_fMAT
_n0
_2ddc
999 _c25474
_d25474